Primer congreso latinoamericano de parques nacionales naturales y otras áreas protegidas (Registro nro. 3792)
[ vista simple ]
| 000 -CABECERA | |
|---|---|
| Campo de control | 01018nam a2200277 a 4500 |
| 005 - FECHA Y HORA DE LA ULTIMA TRANSACCION | |
| Campo de control | 20200104041543.0 |
| 008 - ELEMENTOS DE LONGITUD FIJA—INFORMACION GENERAL | |
| Campo de control | 140221b1997 ck a gr|||| 00| 0 spa d |
| 040 ## - FUENTE DE CATALOGACIÓN | |
| Agencia catalogadora original | CO-BoIAVH |
| Agencia transcriptora | CO-BoIAVH |
| 041 ## - IDIOMA | |
| Código de idioma para texto/pista de sonido o título separado | Español |
| 044 ## - PAÍS DE PUBLICACIÓN | |
| País de publicación | Colombia |
| 082 #4 - NUMERO DE CLASIFICACION DECIMAL DEWEY | |
| Número de clasificación | 333.78316 |
| Número del ítem | P95p |
| 090 ## - CLASIFICACIÓN LOCAL | |
| Colección | LB |
| Consecutivo | 00576 |
| 111 2# - ASIENTO PRINCIPAL--NOMBRE DE REUNION | |
| Nombre de reunión o de jurisdicción como elemento de entrada | Primer Congreso Latinoamericano de Parques Nacionales Naturales y otras Areas Protegidas |
| Lugar de la reunión | Santa Marta |
| Fecha de la reunión | mayo, 1997 |
| Número de la parte/sección/reunión | 1 |
| 9 (RLIN) | 51543 |
| 245 1# - MENCION DE TITULO | |
| Título | Primer congreso latinoamericano de parques nacionales naturales y otras áreas protegidas |
| 260 ## - PUBLICACION, DISTRIBUCION, ETC. (PIE DE IMPRENTA) | |
| Lugar de publicación, distribución, etc. | Santa Marta |
| Nombre del editor, distribuidor, etc. | UAESPNN |
| Fecha de publicación, distribución, etc. | 1997 |
| 300 ## - DESCRIPCION FISICA | |
| Extensión | 90 paginas |
| Otros detalles físicos | ilustraciones; |
| Dimensiones | 28 x 22 cm. |
| 505 ## - NOTA DE CONTENIDO | |
| Nota de contenido | Vol. 1: Informe Nacional Colombia - 1997 |
| 505 ## - NOTA DE CONTENIDO | |
| Nota de contenido | Vol. 2: Memorias - 1998 |
| 650 #4 - ASIENTO SECUNDARIO DE MATERIA - TERMINO TEMATICO | |
| Término temático o nombre geográfico como elemento de entrada | Conservación de ecosistemas |
| 9 (RLIN) | 51544 |
| 650 #4 - ASIENTO SECUNDARIO DE MATERIA - TERMINO TEMATICO | |
| Término temático o nombre geográfico como elemento de entrada | Areas protegidas |
| 9 (RLIN) | 78 |
| 650 #4 - ASIENTO SECUNDARIO DE MATERIA - TERMINO TEMATICO | |
| Término temático o nombre geográfico como elemento de entrada | Parques nacionales naturales |
| 9 (RLIN) | 51546 |
| 650 #4 - ASIENTO SECUNDARIO DE MATERIA - TERMINO TEMATICO | |
| Término temático o nombre geográfico como elemento de entrada | Manejo de áreas protegidas |
| 9 (RLIN) | 51547 |
| 650 #4 - ASIENTO SECUNDARIO DE MATERIA - TERMINO TEMATICO | |
| Término temático o nombre geográfico como elemento de entrada | Ordenamiento territorial ambiental |
| 9 (RLIN) | 8367 |
| 942 ## - ELEMENTOS ADICIONALES (KOHA) | |
| Tipo de ítem | Libro |
| Sistema de clasificación | Dewey Decimal Classification |
| 945 ## - PROCESAMIENTO LOCAL | |
| AAAA-MM-DD - Fecha de ingreso o modificacion | 1998-01-26 |
| Withdrawn status | Lost status | Sistema de Clasificación | Damaged status | No para préstamo | Colección | Inventariado | Ubicación Permanente | Ubicación actual | Fecha de adquisición | Fuente de Valor | Valor | Total Checkouts | Número topográfico | Inventario / Código de Barras | Date last seen | Ejemplar | Price effective from | Forma de adquisición | Tipo de material |
|---|---|---|---|---|---|---|---|---|---|---|---|---|---|---|---|---|---|---|---|
| Dewey Decimal Classification | General | Inventariado 2017 | Bogotá | Bogotá | 26/01/1998 | Instituto | 39000.00 | LB-333.78316 P95p | 000846 | 04/12/2012 | V. 2 Ej. 1 | 04/12/2012 | Libro | ||||||
| Dewey Decimal Classification | General | Inventariado 2017 | Bogotá | Bogotá | 26/01/1998 | Instituto | 39000.00 | LB-333.78316 P95p | 009415 | 04/12/2012 | V. 1 Ej. 1 | 04/12/2012 | Libro | ||||||
| Dewey Decimal Classification | General | Inventariado 2017 | Sala Fabio Quevedo | Sala Fabio Quevedo | 23/10/2014 | Instituto | 39000.00 | LB-333.78316 P95p | 015584 | 23/10/2014 | V. 2 Ej. 1 | 23/10/2014 | Donación | Libro |